000 00511cam a2200205ua 4500
001 7129
005 20260515114146.0
008 141126n ii |||gr||||Z||||||eng
020 _a9788123752549
040 _cMAIN
041 _aeng
082 _a370
100 _aMahajan. S.,
_eAuthor.
245 1 _aEducation for social change :
_bMVF and child labour /
_cBy Sucheta Mahajan .
250 _a1st.
260 _aNew Delhi:
_bNational book,
_c2008.
300 _a86p.
653 _aEducation
942 _cBK
999 _c6250
_d6250